2022 MotoGP Riders - Statistics

General Stats
  • This quiz has been taken 944 times
  • The average score is 21 of 24
Answer Stats
Team Country Rider % Correct
LCR Spain Álex Márquez
99%
Repsol Honda Spain Marc Márquez
99%
Ducati Italy Francesco Bagnaia
97%
Ducati Australia Jack Miller
95%
Aprilia Spain Aleix Espargaró
94%
Red Bull South Africa Brad Binder
94%
RNF South Africa Darryn Binder
94%
Yamaha France Fabio Quartararo
94%
Repsol Honda Spain Pol Espargaró
94%
Suzuki Spain Álex Rins
93%
Suzuki Spain Joan Mir
91%
Pramac France Johann Zarco
91%
Aprilia Spain Maverick Viñales
89%
Pramac Spain Jorge Martín
88%
Yamaha Italy Franco Morbidelli
87%
Red Bull Portugal Miguel Oliveira
87%
Gresini Italy Enea Bastianini
86%
VR46 Italy Luca Marini
86%
LCR Japan Takaaki Nakagami
85%
VR46 Italy Marco Bezzecchi
74%
Tech3 Spain Raúl Fernández
69%
Gresini Italy Fabio Di Giannantonio
67%
RNF Italy Andrea Dovizioso
63%
Tech3 Australia Remy Gardner
58%
No matching quizzes found
Score Distribution
Percent of People with Each Score
Percentile by Number Answered
Your Score History
You have not taken this quiz